Statistics for Number Pyramid Puzzle - Addition #4

Click here to take the quiz!

General Stats

  • This quiz has been taken 56 times
  • The average score is 14 of 15

Answer Stats

Brick Answer % Correct
1A28
100%
1B34
100%
1C22
100%
1D21
100%
1E31
100%
2A62
100%
2B56
100%
2C43
100%
2D52
100%
3A118
98%
3B99
98%
3C95
88%
4A217
84%
4B194
70%
5411
58%

Score Distribution

Percentile by Number Answered

Percent of People with Each Score

Your Score History

You have not taken this quiz